Big Thief Name Titles- Sudden Death - Statistics

General Stats
  • This quiz has been taken 49 times
  • The average score is 4 of 13
Answers on the Grid
Answers color-coded by a green-red scale on the quiz's grid according to % correct below.
Paul
Randy
Lorraine
Jenni
Haley
Cathy
Mary
Lorelei
Franklin
Buck
Indigo
Noah
Jonathan
Yuki Onna
Kerina
Sue
Diane
Virginia
Blue
Oso
 
Answer Stats
Answer % Correct
Paul
94%
Lorraine
48%
Mary
48%
Randy
48%
Haley
30%
Jenni
21%
Jonathan
15%
Kerina
15%
Lorelei
12%
Yuki Onna
9%
Oso
6%
Noah
3%
Sue
3%
No matching quizzes found
Score Distribution
Percent of People with Each Score
Percentile by Number Answered
Your Score History
You have not taken this quiz